000 00494nam a2200193Ia 4500
003 GCL
040 _aGCL /
_cGCL
082 0 4 _aCH
_b833
_bP M
100 1 _aJENTNER, EDITH
245 1 0 _aMORGEN KOMMT DER WEIHNACHTSMANN /
_cJENTNER, EDITH
700 1 _aKUHN, FELICITAS
260 _a[S.N] :
_bPESTALOZZI- VERLAG ،
_c1987
650 0 4 _aGERMAN LANGUAGE
650 0 4 _aCHILDREN
650 0 4 _aGERMAN FICTION
650 0 4 _aGERMAN LITERATURE
650 0 4 _aCHILDREN - FICTION
942 _2ddc
_cBK
999 _c18069
_d18069